[Event "Mattnetz Berlin-Delmenhorster SK"]
[Site "?"]
[Date "2020.09.13"]
[Round "7.1"]
[White "Pahl, Erik"]
[Black "Bui, Bao Anh Le"]
[Result "1/2-1/2"]
[WhiteElo "2097"]
[BlackElo "2053"]
[PlyCount "109"]
[EventDate "2020.??.??"]
[WhiteTeam "Delmenhorster SK"]
[BlackTeam "Mattnetz Berlin"]

1. e4 c5 2. Na3 e6 3. Nf3 a6 4. b3 d6 5. Bb2 Nf6 6. e5 dxe5 7. Nxe5 Nbd7 8.
Nac4 Nxe5 9. Nxe5 Bd6 10. Bd3 Qc7 11. Nc4 Bd7 12. Qe2 Bc6 13. Nxd6+ Qxd6 14.
Be5 Qd5 15. f3 Qd7 16. Qf2 Qd5 17. Qg3 O-O-O 18. O-O-O b5 19. Rhe1 Rhg8 20. Bc3
h6 21. Qf2 Nd7 22. Ba5 Rde8 23. Be4 Qd6 24. d4 c4 25. Qd2 Nf6 26. Bb4 Qc7 27.
bxc4 Bxe4 28. fxe4 Qxc4 29. Re3 Kb7 30. Kb1 Rc8 31. a3 Rgd8 32. Qd3 Ng4 33.
Qxc4 Rxc4 34. Rg3 Nf2 35. Re1 Rcxd4 36. Rf3 Nxe4 37. Rxf7+ Kc6 38. Rxg7 Rd1+
39. Rxd1 Rxd1+ 40. Kb2 Rf1 41. Ra7 Kb6 42. Re7 Rf6 43. g3 a5 44. Be1 Nd6 45.
Kc3 Kc5 46. Kd3 Rf3+ 47. Ke2 Rxa3 48. Rxe6 b4 49. Rxh6 Ne4 50. g4 Kd4 51. Ra6
Ke5 52. Bg3+ Kd4 53. Be1 Ke5 54. Bg3+ Kd4 55. Be1 1/2-1/2

[Event "Mattnetz Berlin-Delmenhorster SK"]
[Site "?"]
[Date "2020.09.13"]
[Round "7.2"]
[White "Schnabel, Luise"]
[Black "Pahl, Theis"]
[Result "0-1"]
[WhiteElo "1932"]
[BlackElo "2012"]
[PlyCount "142"]
[EventDate "2020.??.??"]
[WhiteTeam "Mattnetz Berlin"]
[BlackTeam "Delmenhorster SK"]

1. e4 c5 2. Nf3 d6 3. d4 cxd4 4. Qxd4 Nc6 5. Bb5 Bd7 6. Qd3 e6 7. c4 a6 8. Bxc6
Bxc6 9. Nc3 Be7 10. O-O Nf6 11. h3 O-O 12. Be3 Qc7 13. Rac1 Rac8 14. Rfd1 Qb8
15. Nd4 Rfd8 16. Nxc6 Rxc6 17. f3 Nd7 18. Qe2 Rdc8 19. b3 b5 20. Nb1 bxc4 21.
Rxc4 Rxc4 22. bxc4 Qc7 23. Nd2 a5 24. Rb1 a4 25. Qd1 Nc5 26. Kh1 h6 27. Rb5 Bf6
28. f4 e5 29. f5 Bg5 30. Bxg5 hxg5 31. Qc2 Qc6 32. Qb1 f6 33. Rb6 Qd7 34. Kg1
Kf7 35. Kf1 g6 36. fxg6+ Kxg6 37. Qb5 Qe6 38. Rc6 Rxc6 39. Qxc6 f5 40. Qd5 Qxd5
41. exd5 e4 42. Nb1 Kf6 43. Nc3 Ke5 44. g3 f4 45. h4 gxh4 46. gxh4 Kf5 47. Nb5
Kg4 48. Nxd6 Kxh4 49. Nb5 Kg3 50. Nc3 f3 51. d6 e3 52. a3 Kh2 53. d7 Nxd7 54.
Nd5 e2+ 55. Kf2 Nc5 56. Nf4 Ne4+ 57. Ke1 Nc3 58. Kf2 Nd1+ 59. Ke1 Ne3 60. Nxe2
fxe2 61. Kxe2 Nxc4 62. Kd3 Nxa3 63. Kc3 Nb5+ 64. Kb2 Kg3 65. Ka2 Kf3 66. Kb2
Ke3 67. Ka2 Kd3 68. Kb2 Kc4 69. Ka2 a3 70. Kb1 Kb3 71. Ka1 Nd4 0-1

[Event "Mattnetz Berlin-Delmenhorster SK"]
[Site "?"]
[Date "2020.09.13"]
[Round "7.3"]
[White "Alhamid, Mohamad"]
[Black "Ho, Ngoc Hai-Dang"]
[Result "0-1"]
[WhiteElo "1796"]
[BlackElo "1855"]
[PlyCount "60"]
[EventDate "2020.??.??"]
[WhiteTeam "Delmenhorster SK"]
[BlackTeam "Mattnetz Berlin"]

1. e4 e5 2. Bc4 Nf6 3. Nf3 Nc6 4. O-O Bc5 5. c3 Bb6 6. d4 exd4 7. cxd4 d5 8.
exd5 Nxd5 9. Re1+ Be6 10. Bxd5 Qxd5 11. Nc3 Qf5 12. Qa4 O-O 13. Be3 Rad8 14.
Rad1 Bd5 15. Nxd5 Qxd5 16. a3 h6 17. Qc2 Rfe8 18. h3 Re4 19. b4 a6 20. Nd2 Re7
21. Nf3 Red7 22. Re2 g5 23. Red2 Qe6 24. h4 g4 25. Ne1 Nxd4 26. Bxd4 Rxd4 27.
Nd3 g3 28. Kf1 Rxh4 29. Ne5 Rh1+ 30. Ke2 Qxe5+ 0-1

[Event "Mattnetz Berlin-Delmenhorster SK"]
[Site "?"]
[Date "2020.09.13"]
[Round "7.4"]
[White "Franz, Franz Theodor"]
[Black "Wander, Dennis"]
[Result "1/2-1/2"]
[WhiteElo "1587"]
[BlackElo "1529"]
[PlyCount "123"]
[EventDate "2020.??.??"]
[WhiteTeam "Mattnetz Berlin"]
[BlackTeam "Delmenhorster SK"]

1. e4 e5 2. Nf3 Nc6 3. Bc4 Bc5 4. O-O Nf6 5. d4 Bxd4 6. Nxd4 Nxd4 7. Bg5 h6 8.
Bh4 Qe7 9. Na3 d6 10. f4 Be6 11. c3 Nc6 12. fxe5 Nxe5 13. Bxf6 gxf6 14. Qe2
Nxc4 15. Nxc4 Rg8 16. Kh1 O-O-O 17. Rf2 Rg6 18. Ne3 Re8 19. b3 Bd7 20. Nd5 Qe5
21. Raf1 f5 22. Qc4 c6 23. exf5 Rg5 24. Nb4 d5 25. Qd3 f6 26. Nc2 Bxf5 27. Rxf5
Rxf5 28. Qh3 Kc7 29. Qxf5 Qxf5 30. Rxf5 Re2 31. Rxf6 Rxc2 32. h3 Rxc3 33. Rxh6
d4 34. Kg1 d3 35. Kf2 Rc2+ 36. Ke3 Rxg2 37. Kxd3 Rxa2 38. h4 a5 39. h5 Ra3 40.
Kc2 a4 41. bxa4 Rxa4 42. Rh8 Rh4 43. h6 Kb6 44. h7 Kc5 45. Kb3 Kb5 46. Kc3 Rh3+
47. Kd4 c5+ 48. Ke5 Kb4 49. Kd5 Rh5+ 50. Ke6 c4 51. Kf6 c3 52. Kg6 Rh1 53. Rc8
b5 54. h8=Q Rxh8 55. Rxh8 c2 56. Rc8 Kb3 57. Kf5 b4 58. Ke4 Kb2 59. Kd3 b3 60.
Kd2 Kb1 61. Rc7 Ka2 62. Rxc2+ 1/2-1/2

[Event "Hamburger SK-Greifswalder SV"]
[Site "?"]
[Date "2020.09.13"]
[Round "7.1"]
[White "Fromm, Marius"]
[Black "Kotyk, Michael"]
[Result "1-0"]
[WhiteElo "2181"]
[BlackElo "1993"]
[PlyCount "83"]
[EventDate "2020.??.??"]
[WhiteTeam "Greifswalder SV"]
[BlackTeam "Hamburger SK"]

1. e4 c6 2. d4 g6 3. Nc3 Bg7 4. Nf3 d5 5. h3 Nf6 6. Bd3 dxe4 7. Nxe4 Nxe4 8.
Bxe4 c5 9. c3 cxd4 10. Nxd4 O-O 11. O-O e5 12. Nb5 Qe7 13. b3 Rd8 14. Ba3 Qf6
15. Nc7 Rxd1 16. Raxd1 Nc6 17. Nxa8 Qg5 18. Nc7 Bxh3 19. Bc1 Qg4 20. Bf3 Qc8
21. Nb5 Be6 22. Bxc6 bxc6 23. Nxa7 Qc7 24. Nxc6 Bf6 25. Nb4 Qxc3 26. Nd5 Bxd5
27. Rxd5 Kg7 28. Be3 Qb2 29. Rd2 Qc3 30. Rd7 Qb2 31. Ra7 e4 32. Rd1 Be5 33. g3
Qe2 34. Rdd7 g5 35. Rxf7+ Kg6 36. Kg2 Qe1 37. Rxh7 Kf5 38. Rh5 Bf6 39. Rf7 Kg4
40. Rh6 Bd8 41. Rd6 Qa5 42. Rfd7 1-0

[Event "Hamburger SK-Greifswalder SV"]
[Site "?"]
[Date "2020.09.13"]
[Round "7.2"]
[White "Klaas, Heiko"]
[Black "Troyke, Jannis"]
[Result "0-1"]
[WhiteElo "1950"]
[BlackElo "1995"]
[PlyCount "88"]
[EventDate "2020.??.??"]
[WhiteTeam "Hamburger SK"]
[BlackTeam "Greifswalder SV"]

1. e4 c5 2. Nf3 d6 3. d4 cxd4 4. Nxd4 Nf6 5. Nc3 g6 6. Be3 Bg7 7. f3 O-O 8. Qd2
Nc6 9. O-O-O d5 10. Nxc6 bxc6 11. Bh6 Bxh6 12. Qxh6 Qa5 13. Qg5 Rd8 14. h4 Rb8
15. e5 d4 16. exf6 dxc3 17. Bc4 Qxg5+ 18. hxg5 cxb2+ 19. Kb1 Rxd1+ 20. Rxd1
exf6 21. Rd8+ Kg7 22. gxf6+ Kxf6 23. Ba6 Bxa6 24. Rxb8 Bf1 25. g3 Bg2 26. f4 h5
27. Rb7 a6 28. Ra7 Bd5 29. Rxa6 Kf5 30. Ra3 Kg4 31. Rc3 Bf3 32. a4 Kxg3 33. a5
h4 34. a6 h3 35. a7 h2 36. a8=Q h1=Q+ 37. Kxb2 Kxf4 38. Qa4+ Kf5 39. Qd4 Bd5
40. Re3 Qh2 41. Qd3+ Kg4 42. Qd1+ Kg5 43. Qd4 Qf4 44. Rg3+ Qxg3 0-1

[Event "Hamburger SK-Greifswalder SV"]
[Site "?"]
[Date "2020.09.13"]
[Round "7.3"]
[White "Kallweit, Paul"]
[Black "Mandelkow, Elias"]
[Result "1-0"]
[WhiteElo "1966"]
[BlackElo "1845"]
[PlyCount "79"]
[EventDate "2020.??.??"]
[WhiteTeam "Greifswalder SV"]
[BlackTeam "Hamburger SK"]

1. d4 Nf6 2. c4 g6 3. Nc3 Bg7 4. e4 d6 5. g3 O-O 6. Bg2 e5 7. dxe5 dxe5 8. Qxd8
Rxd8 9. Bg5 c6 10. h3 Na6 11. Nge2 Nc5 12. O-O Ne6 13. Be3 Ne8 14. Rad1 N8c7
15. Rxd8+ Nxd8 16. b3 Na6 17. f4 f5 18. exf5 Bxf5 19. Ne4 Nf7 20. fxe5 Bxe5 21.
g4 Be6 22. Nd4 Re8 23. Nxe6 Rxe6 24. Bxa7 c5 25. Rxf7 Kxf7 26. Ng5+ Kf6 27.
Nxe6 Kxe6 28. a3 Bd4+ 29. Kf1 Kd7 30. Bxb7 Nc7 31. Kg2 Ne6 32. Kg3 Be5+ 33. Kf3
Nd4+ 34. Ke4 Bd6 35. b4 Nc2 36. bxc5 Be7 37. c6+ Kc7 38. c5 Nxa3 39. Bb6+ Kb8
40. Ba6 1-0

[Event "Hamburger SK-Greifswalder SV"]
[Site "?"]
[Date "2020.09.13"]
[Round "7.4"]
[White "Reyes-Mantilla, Andrés Mauricio"]
[Black "Khanbekyan, Areg"]
[Result "1/2-1/2"]
[WhiteElo "1461"]
[BlackElo "1749"]
[PlyCount "87"]
[EventDate "2020.??.??"]
[WhiteTeam "Hamburger SK"]
[BlackTeam "Greifswalder SV"]

1. e4 c5 2. Nf3 Nc6 3. d4 cxd4 4. Nxd4 g6 5. c4 Nf6 6. Nc3 d6 7. f3 Nxd4 8.
Qxd4 Bg7 9. Be3 O-O 10. Qd2 Be6 11. Rc1 Rc8 12. b3 Qa5 13. Be2 a6 14. O-O Rc7
15. Na4 Qxd2 16. Bxd2 Nd7 17. Be3 Rc6 18. f4 f5 19. Bf3 Rc7 20. Nc3 fxe4 21.
Bxe4 Nc5 22. Bd5 Bxc3 23. Rxc3 Bxd5 24. cxd5 Ne6 25. Rc4 Rxc4 26. bxc4 Nc7 27.
Bb6 Na8 28. Ba5 b6 29. Bb4 Rc8 30. Rc1 Nc7 31. Bd2 Kf7 32. Be3 Ke8 33. a4 Kd7
34. Kf2 b5 35. cxb5 axb5 36. axb5 Nxd5 37. Rxc8 Kxc8 38. Kf3 Kb7 39. Bd4 Nc7
40. b6 Nd5 41. Ke4 Nxb6 42. g4 Nd7 43. Kd5 Kc7 44. Ke6 1/2-1/2

[Event "Schachzwerge Magd.-Schvgg Blankenese"]
[Site "?"]
[Date "2020.09.13"]
[Round "7.1"]
[White "von Rosen, Jakob"]
[Black "Zeuner, Ole"]
[Result "0-1"]
[WhiteElo "1827"]
[BlackElo "1854"]
[PlyCount "86"]
[EventDate "2020.??.??"]
[WhiteTeam "Schvgg Blankenese"]
[BlackTeam "Schachzwerge Magd."]

1. e4 e5 2. Nf3 Nc6 3. Bc4 Nf6 4. d3 h6 5. O-O d6 6. c3 g6 7. d4 Qe7 8. Re1 Bg7
9. Nbd2 O-O 10. dxe5 Nxe5 11. Nxe5 dxe5 12. Nf3 b6 13. Qc2 Bb7 14. a4 a5 15.
Bd2 Rfd8 16. b4 Kh7 17. Bb3 axb4 18. cxb4 Bxe4 19. Rxe4 Nxe4 20. Qxe4 f5 21.
Qe2 e4 22. Rc1 Qd6 23. Ng5+ hxg5 24. Bxg5 Qd3 25. Qa2 Rd7 26. h4 Be5 27. g3 Bd4
28. Kh2 Bxf2 29. Bf4 Bd4 30. Bxc7 Rc8 31. Rd1 Qf3 32. Bxb6 Rc3 33. Bg8+ Kh6 34.
Qd2+ e3 35. Qxc3 Bxc3 36. Rxd7 Kh5 37. Re7 Be1 38. Bxe3 Qxg3+ 39. Kh1 Qxh4+ 40.
Kg2 Qxe7 41. Bc5 Qe4+ 42. Kf1 Bxb4 43. Bf2 Kg4 0-1

[Event "Schachzwerge Magd.-Schvgg Blankenese"]
[Site "?"]
[Date "2020.09.13"]
[Round "7.2"]
[White "Stockmann, Till"]
[Black "Burgtorf, Benjamin"]
[Result "1/2-1/2"]
[WhiteElo "1981"]
[BlackElo "1821"]
[PlyCount "52"]
[EventDate "2020.??.??"]
[WhiteTeam "Schachzwerge Magd."]
[BlackTeam "Schvgg Blankenese"]

1. e4 c5 2. Nf3 Nc6 3. d4 cxd4 4. Nxd4 Nf6 5. Nc3 d6 6. Be2 e5 7. Nb3 Be7 8.
Be3 Be6 9. f4 O-O 10. f5 Bd7 11. Qd2 a5 12. a4 Nb4 13. Bf3 Bc6 14. g4 d5 15.
exd5 Nfxd5 16. Nxd5 Nxd5 17. O-O Nxe3 18. Qxe3 Bg5 19. Qxe5 Qb6+ 20. Kh1 Rfe8
21. Qc5 Bxf3+ 22. Rxf3 Qh6 23. Qf2 Re4 24. Qg2 Rae8 25. c3 Qh4 26. Qg3 Rxg4
1/2-1/2

[Event "Schachzwerge Magd.-Schvgg Blankenese"]
[Site "?"]
[Date "2020.09.13"]
[Round "7.3"]
[White "Sell, Eero"]
[Black "Morgenstern, Tobias"]
[Result "1-0"]
[WhiteElo "1744"]
[BlackElo "1922"]
[PlyCount "51"]
[EventDate "2020.??.??"]
[WhiteTeam "Schvgg Blankenese"]
[BlackTeam "Schachzwerge Magd."]

1. e4 e5 2. Nf3 Nc6 3. d4 exd4 4. Bc4 Nf6 5. e5 d5 6. Bb5 Ne4 7. Nxd4 Bd7 8.
Bxc6 bxc6 9. O-O Be7 10. f3 Ng5 11. f4 Ne4 12. Nc3 Nxc3 13. bxc3 c5 14. Nb3 c4
15. Nd4 c5 16. Ne2 Bg4 17. h3 Bxe2 18. Qxe2 Qa5 19. Bd2 O-O 20. f5 Rfe8 21. Qg4
Bf8 22. Rae1 Rab8 23. f6 g6 24. e6 Qc7 25. e7 Bxe7 26. fxe7 1-0

[Event "Schachzwerge Magd.-Schvgg Blankenese"]
[Site "?"]
[Date "2020.09.13"]
[Round "7.4"]
[White "Heutling, Elina"]
[Black "Tao, Alexander"]
[Result "1/2-1/2"]
[WhiteElo "1904"]
[BlackElo "1587"]
[PlyCount "75"]
[EventDate "2020.??.??"]
[WhiteTeam "Schachzwerge Magd."]
[BlackTeam "Schvgg Blankenese"]

1. e4 e5 2. Nf3 Nc6 3. Bb5 a6 4. Ba4 Nf6 5. d3 d6 6. c4 Bd7 7. Be3 Be7 8. Nc3
O-O 9. h3 Na7 10. Bxd7 Qxd7 11. O-O c5 12. Bg5 Ne8 13. Nd5 Bxg5 14. Nxg5 Qd8
15. f4 exf4 16. Qg4 Nf6 17. Nxf6+ Qxf6 18. Rxf4 Qg6 19. Raf1 Nc6 20. Rxf7 Rxf7
21. Nxf7 Qxg4 22. hxg4 Nb4 23. Nxd6 Nxd3 24. b3 b6 25. Rd1 Ne5 26. Nf5 Nxg4 27.
Rd7 g6 28. Ne7+ Kh8 29. Nd5 Re8 30. Nxb6 Rxe4 31. g3 Re2 32. Rc7 Rxa2 33. Rxc5
Rd2 34. Rc8+ Kg7 35. c5 Nh2 36. Rc7+ Kg8 37. Nc4 Nf3+ 38. Kf1 1/2-1/2

[Event "SV Empor Berlin-Weisse Dame HH"]
[Site "?"]
[Date "2020.09.13"]
[Round "7.1"]
[White "Popist, Florian"]
[Black "Sulayev, Daniel"]
[Result "1/2-1/2"]
[WhiteElo "2017"]
[BlackElo "2185"]
[PlyCount "39"]
[EventDate "2020.??.??"]
[WhiteTeam "Weisse Dame HH"]
[BlackTeam "SV Empor Berlin"]

1. e4 c5 2. Nc3 Nc6 3. Bb5 g6 4. Bxc6 bxc6 5. f4 Bg7 6. Nf3 d6 7. O-O Nh6 8. d3
O-O 9. Qe1 f6 10. Qh4 Nf7 11. g4 e6 12. Bd2 Rb8 13. b3 f5 14. g5 e5 15. Rae1
exf4 16. exf5 Bxf5 17. Ne4 Bxe4 18. Rxe4 d5 19. Rxf4 Nd6 20. Qg4 1/2-1/2

[Event "SV Empor Berlin-Weisse Dame HH"]
[Site "?"]
[Date "2020.09.13"]
[Round "7.2"]
[White "Breitzmann, Sander"]
[Black "Türk, Janusch"]
[Result "1-0"]
[WhiteElo "1888"]
[BlackElo "1536"]
[PlyCount "61"]
[EventDate "2020.??.??"]
[WhiteTeam "SV Empor Berlin"]
[BlackTeam "Weisse Dame HH"]

1. e4 e5 2. Nf3 Nc6 3. Bc4 Bc5 4. c3 Nf6 5. d3 d6 6. Bb3 a6 7. Nbd2 O-O 8. h3
Ba7 9. Nf1 Ne7 10. Ng3 Ng6 11. O-O Re8 12. Nh2 c6 13. Ng4 h6 14. Qf3 Be6 15.
Nxf6+ Qxf6 16. Qxf6 gxf6 17. Bxh6 Bxb3 18. axb3 Nh4 19. Be3 Bxe3 20. fxe3 Kh8
21. Rxf6 Re6 22. Raf1 Rg8 23. Rxe6 fxe6 24. Kh2 Rg6 25. Rf8+ Kg7 26. Rb8 b5 27.
Rd8 d5 28. c4 dxc4 29. dxc4 Kh6 30. Rh8+ Kg5 31. Rh5+ 1-0

[Event "SV Empor Berlin-Weisse Dame HH"]
[Site "?"]
[Date "2020.09.13"]
[Round "7.3"]
[White "Worthmann González, Luka"]
[Black "Mankel, Luca"]
[Result "0-1"]
[WhiteElo "1173"]
[BlackElo "1926"]
[PlyCount "72"]
[EventDate "2020.??.??"]
[WhiteTeam "Weisse Dame HH"]
[BlackTeam "SV Empor Berlin"]

1. e4 c5 2. Nf3 Nf6 3. Nc3 d5 4. exd5 Nxd5 5. Bc4 Nxc3 6. bxc3 e6 7. O-O Be7 8.
d4 O-O 9. Be3 Qc7 10. Bb3 c4 11. Rc1 Ba3 12. Rb1 cxb3 13. Rxb3 Bd6 14. Qd3 Nd7
15. h3 Nf6 16. Bg5 b6 17. Re1 Bb7 18. Qd2 Nd5 19. Qd3 Rac8 20. Bd2 Qc4 21. Ne5
Qxd3 22. cxd3 Ne7 23. a4 Nc6 24. Re3 Rfd8 25. f4 Rc7 26. Rg3 Nxe5 27. fxe5 Bf8
28. h4 Bc6 29. h5 Bxa4 30. Rb1 Be8 31. Kf2 b5 32. Rh1 a5 33. Bh6 g6 34. hxg6
fxg6 35. Bxf8 Kxf8 36. Rf3+ Kg8 0-1

[Event "SV Empor Berlin-Weisse Dame HH"]
[Site "?"]
[Date "2020.09.13"]
[Round "7.4"]
[White "Ellert, Oliver"]
[Black "Yakhnin, Georgy"]
[Result "1-0"]
[WhiteElo "1764"]
[BlackElo "1036"]
[PlyCount "47"]
[EventDate "2020.??.??"]
[WhiteTeam "SV Empor Berlin"]
[BlackTeam "Weisse Dame HH"]

1. d4 d5 2. Bf4 e6 3. e3 Nf6 4. Bd3 Be7 5. Nf3 O-O 6. Nbd2 Nbd7 7. c3 c5 8. O-O
c4 9. Bc2 b5 10. a3 a5 11. e4 Re8 12. e5 Nh5 13. Be3 f6 14. g4 f5 15. gxh5 Rf8
16. Bf4 g5 17. hxg6 hxg6 18. Kh1 Kh7 19. Rg1 Rg8 20. Bg5 Bb7 21. Qf1 Rh8 22.
Qg2 Bxg5 23. Nxg5+ Kg7 24. Nxe6+ 1-0

[Event "SK Nordhorn-Blanke-Königsspringer SC 19"]
[Site "?"]
[Date "2020.09.13"]
[Round "7.1"]
[White "Summers, Jan"]
[Black "Brunner, Sophia"]
[Result "0-1"]
[WhiteElo "1664"]
[BlackElo "1859"]
[PlyCount "74"]
[EventDate "2020.??.??"]
[WhiteTeam "Königsspringer SC 1984"]
[BlackTeam "SK Nordhorn-Blanke"]

1. e4 e6 2. d4 d5 3. exd5 exd5 4. Bd3 Bd6 5. Ne2 Ne7 6. Bf4 Nbc6 7. c3 Be6 8.
Nd2 Qd7 9. Bxd6 Qxd6 10. Ng3 Ng6 11. Nf5 Bxf5 12. Bxf5 Nce7 13. Bd3 Qe6+ 14.
Be2 Nf4 15. Kf1 O-O 16. h4 Rfe8 17. g3 Nxe2 18. Qxe2 Qb6 19. Nb3 Ng6 20. Qd3 a5
21. Rb1 Re7 22. Kg2 a4 23. Nd2 Rae8 24. b4 Re2 25. a3 Qf6 26. Rhf1 R8e3 27.
Qxe3 Rxe3 28. fxe3 Qe6 29. Rf3 b5 30. Rbf1 f6 31. R1f2 Qc6 32. e4 dxe4 33. Re3
Ne7 34. Nb1 f5 35. g4 g6 36. gxf5 gxf5 37. Re1 e3+ 0-1

[Event "SK Nordhorn-Blanke-Königsspringer SC 19"]
[Site "?"]
[Date "2020.09.13"]
[Round "7.2"]
[White "ter Stal, Lars"]
[Black "Kipke, Mark"]
[Result "1-0"]
[WhiteElo "1798"]
[BlackElo "1674"]
[Annotator "jannis"]
[PlyCount "30"]
[EventDate "2020.??.??"]
[WhiteTeam "SK Nordhorn-Blanke"]
[BlackTeam "Königsspringer SC 1984"]

1. e4 e5 (1... c5 2. Nf3 d6 3. d4 cxd4 4. Nxd4 Nf6 5. Nc3 g6 6. Be3 Bg7 7. f3
Nc6 8. Bc4 O-O 9. Qd2 Rb8 10. O-O-O Bd7 11. g4 Na5 12. Bb3 b5 13. h4 Nc4 14.
Bxc4 bxc4 15. h5 Qb6 16. b3 cxb3 17. axb3 Qa6 18. Kb2 Rfc8 19. hxg6 fxg6 20. g5
Nh5 21. Nd5 Kf8 22. Ra1 Qb7 23. Kb1 e6 24. Rxa7 Qxa7 25. Nxe6+ Bxe6 26. Bxa7
Ra8) 2. Nf3 d6 3. d4 exd4 4. Nxd4 Nf6 5. Nc3 g6 6. Be3 Bg7 7. f3 Nc6 8. Bc4 O-O
9. Qd2 Rb8 10. O-O-O Bd7 11. g4 Na5 12. Bb3 b5 13. h4 Nc4 14. Bxc4 bxc4 15. h5
Rb6 1-0

[Event "SK Nordhorn-Blanke-Königsspringer SC 19"]
[Site "?"]
[Date "2020.09.13"]
[Round "7.3"]
[White "Busch, Jannis"]
[Black "Rudi, Jonathan"]
[Result "0-1"]
[WhiteElo "1611"]
[BlackElo "1692"]
[PlyCount "82"]
[EventDate "2020.??.??"]
[WhiteTeam "Königsspringer SC 1984"]
[BlackTeam "SK Nordhorn-Blanke"]

1. e4 c5 2. Nf3 Nc6 3. d4 cxd4 4. Nxd4 Nf6 5. Nc3 e5 6. Ndb5 d6 7. Nd5 Nxd5 8.
exd5 Nb8 9. Bd3 Be7 10. O-O O-O 11. f4 f5 12. fxe5 dxe5 13. d6 Qb6+ 14. Kh1 Bd8
15. Qe2 a6 16. Be3 Qc6 17. Na7 Qd7 18. Nxc8 Qxc8 19. Rad1 Qd7 20. Bg1 Nc6 21.
c4 e4 22. Bc2 Bf6 23. c5 Kh8 24. Be3 Be5 25. Qf2 h6 26. Bf4 Rae8 27. Bxe5 Rxe5
28. Rde1 Rfe8 29. Re3 g5 30. Rc3 f4 31. g3 e3 32. Qe2 Qf7 33. Bb3 Qh7 34. Rc4
fxg3 35. hxg3 Rf5 36. Bc2 Rxf1+ 37. Qxf1 e2 38. Qe1 Qf7 39. Bd3 Qf3+ 40. Kh2
Qxd3 41. Rc1 Ne5 0-1

[Event "SK Nordhorn-Blanke-Königsspringer SC 19"]
[Site "?"]
[Date "2020.09.13"]
[Round "7.4"]
[White "Meijerink, Inken"]
[Black "Riege, Ole"]
[Result "1-0"]
[WhiteElo "1698"]
[BlackElo "1207"]
[PlyCount "65"]
[EventDate "2020.??.??"]
[WhiteTeam "SK Nordhorn-Blanke"]
[BlackTeam "Königsspringer SC 1984"]

1. e4 c6 2. Ne2 d5 3. e5 Bf5 4. Ng3 Bg6 5. h4 h6 6. h5 Bh7 7. e6 fxe6 8. d4 e5
9. dxe5 e6 10. Bd3 Nd7 11. Bxh7 Rxh7 12. Qd3 Rh8 13. Qg6+ Ke7 14. f4 Qe8 15.
Qxe8+ Rxe8 16. c3 Kd8 17. Be3 Bc5 18. Bxc5 Nxc5 19. O-O Nd3 20. b3 Rf8 21. Ne2
Ne7 22. Na3 g5 23. Nc2 gxf4 24. Ncd4 Kd7 25. Rad1 Nxe5 26. Nxf4 Rf6 27. Rde1
Kd6 28. Rxe5 Rhf8 29. Rxe6+ Rxe6 30. Ndxe6 Rf6 31. Nd4 c5 32. Nc2 Ke5 33. Nd3+
1-0

[Event "Turm Lüneburg-1. SC Anhalt"]
[Site "?"]
[Date "2020.09.13"]
[Round "7.1"]
[White "Fathke, Luke"]
[Black "Wusterack, Paul"]
[Result "1/2-1/2"]
[WhiteElo "1643"]
[BlackElo "1599"]
[PlyCount "53"]
[EventDate "2020.??.??"]
[WhiteTeam "1. SC Anhalt"]
[BlackTeam "Turm Lüneburg"]

1. e4 d5 2. exd5 Nf6 3. d4 Nxd5 4. Nf3 g6 5. Bc4 Nb6 6. Bb3 Bg7 7. O-O O-O 8.
c3 Nc6 9. Bf4 Bf5 10. Nbd2 Rc8 11. a3 Nd5 12. Bg5 h6 13. Bh4 g5 14. Bg3 Kh8 15.
Re1 e6 16. Nc4 Bg4 17. Nce5 Nxe5 18. Bxe5 f6 19. Bg3 Qd7 20. h3 Bf5 21. Qd2 c5
22. dxc5 Rxc5 23. Nd4 Rfc8 24. Nxf5 exf5 25. Rad1 f4 26. Bh2 Rd8 27. Kh1
1/2-1/2

[Event "Turm Lüneburg-1. SC Anhalt"]
[Site "?"]
[Date "2020.09.13"]
[Round "7.2"]
[White "Rick, Niklas Corvin"]
[Black "Schröter, Christopher"]
[Result "0-1"]
[WhiteElo "1521"]
[BlackElo "1641"]
[PlyCount "94"]
[EventDate "2020.??.??"]
[WhiteTeam "Turm Lüneburg"]
[BlackTeam "1. SC Anhalt"]

1. d4 d5 2. c4 e6 3. cxd5 exd5 4. Nc3 Nf6 5. Bg5 Nbd7 6. Nxd5 Nxd5 7. Bxd8 Bb4+
8. Qd2 Bxd2+ 9. Kxd2 Kxd8 10. e3 c6 11. Bc4 N7b6 12. Bb3 Be6 13. Nf3 Ke7 14.
Rac1 Nc7 15. Bxe6 Nxe6 16. Ne5 Rad8 17. Ke2 Rhe8 18. Rhd1 Nd7 19. Nf3 Kf8 20.
Nd2 Nxd4+ 21. Kf1 Ne6 22. Nc4 Nf6 23. Ke2 Nf4+ 24. Kf1 Rxd1+ 25. Rxd1 N4d5 26.
h3 Rd8 27. Ke2 Ke7 28. g3 Ne4 29. Ke1 Nb4 30. Rxd8 Kxd8 31. Ne5 f6 32. Nc4 Nxa2
33. g4 Kd7 34. f4 Nb4 35. Ke2 Nd6 36. Nd2 Nd5 37. Kf3 Nb6 38. b3 Nb5 39. Ne4
Ke7 40. Nc5 Nd6 41. e4 Nd7 42. Nd3 a5 43. Ke3 b5 44. Nb2 Nc5 45. b4 axb4 46. e5
fxe5 47. fxe5 Nc4+ 0-1

[Event "Turm Lüneburg-1. SC Anhalt"]
[Site "?"]
[Date "2020.09.13"]
[Round "7.3"]
[White "Böhm, Florian"]
[Black "Ziller, Anton"]
[Result "1/2-1/2"]
[WhiteElo "1627"]
[BlackElo "1542"]
[PlyCount "73"]
[EventDate "2020.??.??"]
[WhiteTeam "1. SC Anhalt"]
[BlackTeam "Turm Lüneburg"]

1. e4 e6 2. d4 d5 3. e5 c5 4. c3 Nc6 5. Nf3 Bd7 6. Be3 cxd4 7. cxd4 Nge7 8. Be2
Nf5 9. O-O Be7 10. Nc3 O-O 11. Bd3 Nxe3 12. fxe3 Rc8 13. a3 Na5 14. Nd2 Bg5 15.
Qf3 f6 16. Qh3 Bh6 17. exf6 Rxf6 18. Rxf6 Qxf6 19. Rf1 Qg5 20. Rf3 Rf8 21.
Rxf8+ Kxf8 22. Qf3+ Kg8 23. Kf2 Qh4+ 24. Kg1 Qe1+ 25. Nf1 Be8 26. Qf2 Qxf2+ 27.
Kxf2 Nb3 28. Bc2 Na5 29. Nd2 Nc6 30. Nf3 Kf7 31. g4 g6 32. e4 Bc1 33. exd5 exd5
34. Nxd5 Bxb2 35. Ng5+ Kg7 36. Ne6+ Kf7 37. Ng5+ 1/2-1/2

[Event "Turm Lüneburg-1. SC Anhalt"]
[Site "?"]
[Date "2020.09.13"]
[Round "7.4"]
[White "Hahn, Sebastian"]
[Black "Lautenschläger, Friedrich"]
[Result "1/2-1/2"]
[WhiteElo "1180"]
[BlackElo "1552"]
[PlyCount "53"]
[EventDate "2020.??.??"]
[WhiteTeam "Turm Lüneburg"]
[BlackTeam "1. SC Anhalt"]

1. d4 d5 2. c4 c6 3. Nc3 Nf6 4. Bg5 dxc4 5. e3 b5 6. Bxf6 exf6 7. Nxb5 Qb6 8.
Nc3 Qxb2 9. Rc1 Bb4 10. Qc2 Qxc2 11. Rxc2 Be6 12. Nge2 Nd7 13. Nf4 Nb6 14. Be2
Nd5 15. Nfxd5 cxd5 16. Kd2 O-O 17. Rb2 a5 18. Bf3 Rab8 19. Kc2 Bxc3 20. Kxc3
Rxb2 21. Kxb2 Rb8+ 22. Kc3 Kf8 23. e4 dxe4 24. Bxe4 f5 25. Rb1 Rxb1 26. Bxb1
Ke7 27. a3 1/2-1/2

[Event "Lübecker SV-SG Jasmund"]
[Site "?"]
[Date "2020.09.13"]
[Round "7.1"]
[White "Johlke, Lukas"]
[Black "Bornholdt, Joa Max"]
[Result "1-0"]
[WhiteElo "1732"]
[BlackElo "1914"]
[PlyCount "71"]
[EventDate "2020.??.??"]
[WhiteTeam "SG Jasmund"]
[BlackTeam "Lübecker SV"]

1. e4 e5 2. Nf3 Nc6 3. Bb5 g6 4. O-O Bg7 5. d3 Nge7 6. Bg5 h6 7. Bh4 g5 8. Bg3
d6 9. h3 O-O 10. c3 a6 11. Ba4 f5 12. exf5 Nxf5 13. Nbd2 Be6 14. Ne4 Qe7 15.
Re1 Kh8 16. Bh2 Qf7 17. Bxc6 bxc6 18. d4 Ne7 19. dxe5 d5 20. Nf6 Ng6 21. Nxg5
Qe7 22. Nxe6 Qxe6 23. Qd3 Qf7 24. Re2 Bxf6 25. exf6 Qxf6 26. Bxc7 Ra7 27. Bb6
Nf4 28. Bxa7 Qg5 29. Qf3 Rg8 30. Bd4+ Kh7 31. Re7+ Qxe7 32. Qxf4 Rf8 33. Qe5
Qf7 34. Re1 Qg6 35. Qe7+ Kg8 36. Qe6+ 1-0

[Event "Lübecker SV-SG Jasmund"]
[Site "?"]
[Date "2020.09.13"]
[Round "7.2"]
[White "Sickmann, Lisa"]
[Black "Johlke, Lorenz"]
[Result "1/2-1/2"]
[WhiteElo "1603"]
[BlackElo "1643"]
[PlyCount "82"]
[EventDate "2020.??.??"]
[WhiteTeam "Lübecker SV"]
[BlackTeam "SG Jasmund"]

1. e4 d6 2. d4 f5 3. Nc3 Nf6 4. Bd3 e6 5. Nf3 Be7 6. Bd2 O-O 7. O-O Nc6 8. a3
a6 9. Qe2 Qe8 10. Rfe1 fxe4 11. Nxe4 Nxe4 12. Qxe4 Qh5 13. Rad1 d5 14. Qe2 Bd6
15. h3 Bd7 16. c3 h6 17. Bc2 Rf7 18. Qf1 Re7 19. Qd3 g5 20. Ne5 Nxe5 21. dxe5
Bc5 22. Qg3 Rf8 23. Be3 Bxe3 24. Qxe3 Rg7 25. Rd4 Qf7 26. Rd2 Qe7 27. Qe2 Be8
28. c4 c6 29. g3 Bg6 30. Bxg6 Rxg6 31. Qd3 Rg7 32. Kg2 b5 33. cxb5 cxb5 34. Rc1
Rf5 35. Rc8+ Rf8 36. Rdc2 Rxc8 37. Rxc8+ Kf7 38. Qf3+ Kg6 39. Qd3+ Kf7 40. Qf3+
Kg6 41. Qd3+ Kf7 1/2-1/2